Reforming the Malawian public sector retrospectives and prospectives /

Bibliographic Details
Corporate Author: ProQuest (Firm)
Other Authors: Tambulasi, Richard I. C.
Format: Electronic eBook
Language:English
Published: Dakar, Senegal : CODESRIA, c2010.
Subjects:
Online Access:Click to View
LEADER 01185nam a2200313Ia 4500
001 EBC1187363
003 MiAaPQ
005 20200520144314.0
006 m o d |
007 cr cn|||||||||
008 070418s2010 sg s 000 0 eng d
020 |z 9782869783140 
035 |a (MiAaPQ)EBC1187363 
035 |a (Au-PeEL)EBL1187363 
035 |a (CaPaEBR)ebr10405187 
035 |a (CaONFJC)MIL271087 
035 |a (OCoLC)680618044 
040 |a MiAaPQ  |c MiAaPQ  |d MiAaPQ 
050 4 |a HD4338  |b .R44 2010 
245 0 0 |a Reforming the Malawian public sector  |h [electronic resource] :  |b retrospectives and prospectives /  |c edited by Richard Tambulasi. 
260 |a Dakar, Senegal :  |b CODESRIA,  |c c2010. 
300 |a v, 138 p. 
533 |a Electronic reproduction. Ann Arbor, MI : ProQuest, 2015. Available via World Wide Web. Access may be limited to ProQuest affiliated libraries. 
650 0 |a Public administration  |z Africa. 
650 0 |a Government business enterprises  |z Africa. 
655 4 |a Electronic books. 
700 1 |a Tambulasi, Richard I. C. 
710 2 |a ProQuest (Firm) 
856 4 0 |u https://ebookcentral.proquest.com/lib/matrademy/detail.action?docID=1187363  |z Click to View